[Event "?"]
[Site "ICC 2 19 09/18/97, Internet C"]
[Date "1997.??.??"]
[Round "?"]
[White "Brause"]
[Black "oldtimer"]
[Result "1-0"]
[WhiteElo "2485"]
[BlackElo "2380"]
[PlyCount "101"]

1. e4 e5 2. Nf3 Nc6 3. Nc3 Nf6 4. Nxe5 Nxe5 5. d4 Ng6 6. e5 Ng8 7. Bc4 d6 8.
Qf3 Qd7 9. O-O Qf5 10. Qe2 dxe5 11. f4 e4 12. Nxe4 N6e7 13. Ng3 Qd7 14. c3 f5
15. Bxg8 Rxg8 16. Qh5+ g6 17. Qxh7 Qe6 18. Qh4 Bd7 19. Bd2 O-O-O 20. Rfe1 Qf7
21. Qg5 Nd5 22. Ne2 Nf6 23. Qg3 Bc6 24. b3 Bd6 25. Qd3 Qd5 26. Qh3 Rh8 27. c4
Qe4 28. Qg3 Nh5 29. Qf2 Ba3 30. d5 b6 31. Nd4 Qxd4 32. Qxd4 Bc5 33. Qxc5 bxc5
34. Bc3 Bd7 35. Bxh8 Rxh8 36. g3 Nf6 37. Re7 Rg8 38. Rae1 Kd8 39. R1e5 Ne4 40.
Rh7 Re8 41. Rg7 Rxe5 42. fxe5 Be8 43. Kf1 Nc3 44. a4 a5 45. Ke1 Ne4 46. Ke2 g5
47. Ke3 Bh5 48. Rg8+ Ke7 49. Rc8 Kd7 50. Rf8 Bg4 51. e6+ 1-0

[Event "?"]
[Site "ICC 2 19 09/18/97, Internet C"]
[Date "1997.??.??"]
[Round "?"]
[White "Brause"]
[Black "oldtimer"]
[Result "0-1"]
[WhiteElo "2500"]
[BlackElo "2370"]
[PlyCount "76"]

1. e4 e5 2. Nf3 Nc6 3. Nc3 Nf6 4. Nxe5 Nxe5 5. d4 Ng6 6. e5 Ng8 7. Bc4 d6 8.
Qf3 Qd7 9. O-O Qf5 10. Qe2 dxe5 11. f4 e4 12. Nxe4 N6e7 13. Ng3 Qd7 14. c3 f5
15. Bxg8 Rxg8 16. Qh5+ g6 17. Qxh7 Qe6 18. Qh4 Bd7 19. Bd2 O-O-O 20. Rfe1 Qf7
21. Ne2 Nd5 22. b3 Nf6 23. Qh3 Ne4 24. Rad1 Bd6 25. Qd3 Nxd2 26. Qxd2 g5 27.
fxg5 Qh5 28. Nf4 Qxg5 29. Nh3 Qg4 30. Kh1 Rh8 31. Rf1 Rh4 32. c4 Rdh8 33. c5
Bxh2 34. a3 Bg3 35. Qh6 R4xh6 36. Kg1 Rxh3 37. gxh3 Qxh3 38. Rd2 Qh1# 0-1

[Event "?"]
[Site "ICC 2 19 09/18/97, Internet C"]
[Date "1997.??.??"]
[Round "?"]
[White "Brause"]
[Black "oldtimer"]
[Result "0-1"]
[WhiteElo "2475"]
[BlackElo "2395"]
[PlyCount "153"]

1. e4 e5 2. Nf3 Nc6 3. Nc3 Nf6 4. Nxe5 Nxe5 5. d4 Ng6 6. e5 Ng8 7. Bc4 d6 8.
Qf3 Qd7 9. O-O Qf5 10. Qe2 dxe5 11. f4 e4 12. Nxe4 N6e7 13. Ng5 Nh6 14. Be3 Bd7
15. Rae1 O-O-O 16. Bd3 Qa5 17. Nxh7 Rxh7 18. Bxh7 g6 19. Bf2 Nef5 20. Qd3 Nd6
21. Bh4 Re8 22. a3 Qh5 23. Bg5 Bg7 24. Rxe8+ Nxe8 25. Bxh6 Qxh6 26. Bg8 Nd6 27.
Rd1 Bf5 28. Qc3 Qh8 29. Bxf7 Nxf7 30. Qc4 Nd6 31. Qa4 a6 32. c3 Qe8 33. Qxe8+
Nxe8 34. h3 Kd7 35. g4 Be4 36. Re1 Bd5 37. Kf2 Nd6 38. Re2 Ne4+ 39. Ke3 Nd6 40.
Kf2 a5 41. Ke3 a4 42. Rh2 Nc4+ 43. Kd3 Nd6 44. Ke3 Bh6 45. Rf2 Ke6 46. Re2 Kf7
47. g5 Bf8 48. Kf2 Nf5 49. Ke1 Bd6 50. Rf2 b5 51. Ke2 Be4 52. Kd2 Ke6 53. Rf1
Kd5 54. Rf2 c6 55. Ke1 Nh4 56. Kd2 Bf5 57. Ke2 Bxh3 58. Rh2 Bg4+ 59. Kf2 Nf5
60. Rg2 Bh5 61. Ke1 Bxf4 62. Rg1 Bf3 63. Rf1 Ke4 64. Rg1 Be3 65. Rf1 Nh4 66.
Rf2 Bxg5 67. Rh2 Ng2+ 68. Kf2 Bh4+ 69. Kg1 g5 70. Rxg2 Bxg2 71. Kxg2 g4 72. d5
cxd5 73. Kg1 Kf3 74. Kh2 Bf2 75. b4 axb3 76. a4 bxa4 77. c4 0-1

[Event "?"]
[Site "ICC 2 19 09/29/97, Internet C"]
[Date "1997.??.??"]
[Round "?"]
[White "Brause"]
[Black "oldtimer"]
[Result "1-0"]
[WhiteElo "2330"]
[BlackElo "2375"]
[PlyCount "21"]

1. e4 e5 2. Nf3 Nc6 3. Nc3 Nf6 4. Nxe5 Nxe5 5. d4 Ng6 6. e5 Ng8 7. Bc4 d6 8.
Qf3 Qd7 9. O-O dxe5 10. dxe5 Qf5 11. Bb5+ 1-0

[Event "?"]
[Site "ICC 2 19 09/29/97, Internet C"]
[Date "1997.??.??"]
[Round "?"]
[White "Brause"]
[Black "oldtimer"]
[Result "0-1"]
[WhiteElo "2345"]
[BlackElo "2355"]
[PlyCount "119"]

1. e4 e5 2. Nf3 Nc6 3. Nc3 Nf6 4. Nxe5 Nxe5 5. d4 Ng6 6. e5 Ng8 7. Bc4 d6 8.
Qf3 Qd7 9. O-O Qf5 10. Qe2 dxe5 11. f4 e4 12. Nxe4 N6e7 13. Re1 Bd7 14. Ng5 Nh6
15. Bd3 Qg4 16. Nxh7 Rxh7 17. Bxh7 g6 18. Qc4 O-O-O 19. c3 Bc6 20. Qe2 Qh4 21.
g3 Qh3 22. Bd2 Nhf5 23. Bxg6 fxg6 24. Qf2 Bg7 25. a4 Rh8 26. Re2 Nh4 27. gxh4
Nf5 28. Qf1 Qg4+ 29. Rg2 Bxg2 30. Qxg2 Qxh4 31. Re1 Qh5 32. Qe2 Qxe2 33. Rxe2
Kd7 34. Rg2 Rh6 35. Kf2 Bf6 36. b4 Ke6 37. Ke2 Kf7 38. Be1 Rh3 39. Bg3 Bh4 40.
Kf3 Bxg3 41. hxg3 Nh4+ 42. Kg4 Nxg2 43. Kxh3 Ne3 44. Kh4 Nd5 45. c4 Nxb4 46.
Kg5 Nc2 47. d5 Ne3 48. c5 Nxd5 49. f5 gxf5 50. Kxf5 a5 51. g4 Ne3+ 52. Kf4 Nxg4
53. Kxg4 Ke6 54. Kf4 Kd5 55. c6 Kxc6 56. Ke3 Kc5 57. Kd3 Kb4 58. Kc2 Kxa4 59.
Kb2 Kb4 60. Kc2 0-1

[Event "?"]
[Site "ICC 2 19 09/29/97, Internet C"]
[Date "1997.??.??"]
[Round "?"]
[White "Brause"]
[Black "oldtimer"]
[Result "0-1"]
[WhiteElo "2330"]
[BlackElo "2370"]
[PlyCount "117"]

1. e4 e5 2. Nf3 Nc6 3. Nc3 Nf6 4. Nxe5 Nxe5 5. d4 Ng6 6. e5 Ng8 7. Bc4 d6 8.
Qf3 Qd7 9. O-O Qf5 10. Qe2 dxe5 11. f4 e4 12. Nxe4 N6e7 13. c3 Bd7 14. Bd2
O-O-O 15. Ng5 Nh6 16. Bd3 Qg4 17. Qxg4 Bxg4 18. Nxh7 Rxh7 19. Bxh7 g6 20. a4
Be6 21. Rfe1 Kd7 22. Re5 Bg7 23. Re4 Bd5 24. Re2 Rh8 25. Rae1 Bf6 26. Bxg6 fxg6
27. b4 Nef5 28. Rc1 Bc4 29. Ree1 Nd6 30. h3 Bh4 31. Re3 Nhf5 32. Re5 Bf6 33.
Ra5 a6 34. g4 Ne7 35. g5 Bg7 36. b5 axb5 37. axb5 b6 38. Ra4 Rxh3 39. Re1 Nef5
40. Rb1 Bxb5 41. Rab4 Bc4 42. R1b2 b5 43. Be1 Bd5 44. Rh2 Rxh2 45. Kxh2 c6 46.
Rb2 Bf8 47. Kh3 Ne4 48. Re2 Bd6 49. Rxe4 Bxe4 50. Bd2 Ba3 51. Kg4 Bb2 52. d5
Bxd5 53. Be1 Be4 54. Bd2 Ke6 55. Be1 Kd5 56. Bd2 Kc4 57. Kh3 Kd3 58. Be1 Ke2
59. Bg3 0-1

[Event "?"]
[Site "ICC 2 19 09/29/97, Internet C"]
[Date "1997.??.??"]
[Round "?"]
[White "Brause"]
[Black "oldtimer"]
[Result "0-1"]
[WhiteElo "2315"]
[BlackElo "2385"]
[PlyCount "169"]

1. e4 e5 2. Nf3 Nc6 3. Nc3 Nf6 4. Nxe5 Nxe5 5. d4 Ng6 6. e5 Ng8 7. Bc4 d6 8.
Qf3 Qd7 9. O-O Qf5 10. Qe2 dxe5 11. f4 e4 12. Nxe4 N6e7 13. Ng3 Qd7 14. c3 f5
15. Bxg8 Rxg8 16. Qh5+ g6 17. Qxh7 Qe6 18. Qh4 Bg7 19. Nh1 Rh8 20. Qg3 Bd7 21.
Bd2 O-O-O 22. Rfe1 Qd6 23. Nf2 Bf6 24. b4 Bc6 25. Qe3 Rde8 26. Nd3 Nd5 27. Qf2
Nb6 28. Ne5 Bxe5 29. dxe5 Qd5 30. Be3 Rd8 31. Bc5 Qe6 32. Rad1 Rxd1 33. Rxd1
Rd8 34. Rxd8+ Kxd8 35. Qh4+ Kc8 36. a3 Kb8 37. Qd8+ Nc8 38. Qd2 Qd5 39. Qxd5
Bxd5 40. Kf2 c6 41. g3 b5 42. h3 Nb6 43. Bxb6 axb6 44. g4 Kc7 45. gxf5 gxf5 46.
h4 Bf7 47. Ke2 Bh5+ 48. Kd3 Bf7 49. Kd4 Kd7 50. Ke3 c5 51. Kf3 Ke6 52. Ke3 Kd5
53. Kd3 Bh5 54. Ke3 Bf7 55. Kd3 Be8 56. bxc5 Kxc5 57. Ke3 Kc4 58. Kd2 Bf7 59.
Kc2 Bh5 60. Kd2 Kd5 61. Kd3 Bg6 62. Ke3 Kc4 63. Kd2 Kb3 64. Kd3 Kxa3 65. Kd4 b4
66. cxb4 Kxb4 67. Kd5 b5 68. Kd4 Ka3 69. e6 b4 70. Ke5 b3 71. Kf6 Bh5 72. Kg5
b2 73. Kxh5 b1=Q 74. Kg5 Qe4 75. e7 Qxe7+ 76. Kxf5 Qxh4 77. Ke5 Qe7+ 78. Kf5
Kb4 79. Kg6 Qe6+ 80. Kg5 Kc4 81. f5 Qf7 82. Kg4 Qf6 83. Kf4 Kd4 84. Kg4 Ke4 85.
Kh5 0-1

[Event "?"]
[Site "ICC 2 0 10/07/97, Internet Ch"]
[Date "1997.??.??"]
[Round "?"]
[White "Brause"]
[Black "VirtualMachine"]
[Result "1-0"]
[WhiteElo "2645"]
[BlackElo "2280"]
[PlyCount "59"]

1. e4 e5 2. Nf3 Nc6 3. Nc3 Nf6 4. Nxe5 Nxe5 5. d4 Nc6 6. d5 Ne5 7. f4 Ng6 8. e5
Ng8 9. d6 cxd6 10. exd6 Qf6 11. Nb5 Kd8 12. Be3 Qxb2 13. Bd4 Qb4+ 14. c3 Qa5
15. f5 Nf4 16. Qf3 Nxg2+ 17. Qxg2 f6 18. Qe4 Rb8 19. Rg1 b6 20. Rxg7 Bb7 21.
Rxd7+ Kxd7 22. Qe6+ Kd8 23. Bxf6+ Nxf6 24. Qxf6+ Kd7 25. Qf7+ Kd8 26. Qc7+ Ke8
27. d7+ Kf7 28. d8=Q+ Kg8 29. Bc4+ Bd5 30. Bxd5# 1-0

[Event "?"]
[Site "ICC 2 6 08/30/97, Internet Ch"]
[Date "1997.??.??"]
[Round "?"]
[White "Brause"]
[Black "COLOCOLO"]
[Result "1-0"]
[WhiteElo "2525"]
[BlackElo "2185"]
[PlyCount "83"]

1. e4 e5 2. Nf3 Nc6 3. Nc3 Nf6 4. Nxe5 Nxe5 5. d4 Ng6 6. e5 Ng8 7. Bc4 Bb4 8.
Qf3 Qe7 9. O-O Bxc3 10. bxc3 Nh6 11. g3 O-O 12. Qh5 Kh8 13. Bxh6 gxh6 14. Qxh6
b6 15. Rae1 Bb7 16. Re3 f5 17. exf6 Qxf6 18. Bd3 Rae8 19. c4 Qg7 20. Qxg7+ Kxg7
21. Rxe8 Rxe8 22. f4 Kf6 23. c5 Re7 24. g4 Be4 25. f5 Bxd3 26. cxd3 Nf8 27. Kf2
h6 28. Kf3 d6 29. cxd6 cxd6 30. h4 Nd7 31. Rc1 Kf7 32. Rc6 d5 33. Rxh6 Nf6 34.
g5 Ng8 35. Rh7+ Kf8 36. Rxe7 Nxe7 37. f6 Nf5 38. Kg4 Nxd4 39. g6 b5 40. h5 Nc6
41. h6 Ne5+ 42. Kf5 1-0

[Event "?"]
[Site "ICC 2 6 08/30/97, Internet Ch"]
[Date "1997.??.??"]
[Round "?"]
[White "Brause"]
[Black "COLOCOLO"]
[Result "1-0"]
[WhiteElo "2535"]
[BlackElo "2180"]
[PlyCount "115"]

1. e4 e5 2. Nf3 Nc6 3. Nc3 Nf6 4. Nxe5 Nxe5 5. d4 Ng6 6. e5 Ng8 7. Bc4 Bb4 8.
Qf3 Qe7 9. O-O Bxc3 10. bxc3 Nh6 11. g3 O-O 12. Qh5 Kh8 13. Bxh6 gxh6 14. Qxh6
b6 15. Rae1 Bb7 16. Re3 f5 17. exf6 Qxf6 18. Bd3 Rae8 19. c4 Rxe3 20. fxe3 Qg7
21. Rxf8+ Qxf8 22. Qh3 Qf7 23. Bxg6 Qxg6 24. Qxd7 Qc6 25. Qxc6 Bxc6 26. d5 Ba4
27. c3 Kg7 28. Kf2 Kf6 29. Ke2 Ke5 30. Kd3 Bd7 31. h4 Bf5+ 32. Ke2 Ke4 33. Kd2
h5 34. Ke2 a5 35. a3 Bg6 36. Kf2 Be8 37. Ke2 Ba4 38. g4 hxg4 39. Kf2 Bb3 40. h5
Kf5 41. Kg3 Bxc4 42. e4+ Kg5 43. h6 Kxh6 44. Kxg4 Kg6 45. Kf4 Kf7 46. Ke5 Ke7
47. Kd4 Bb3 48. e5 Ba2 49. c4 Kd7 50. c5 b5 51. c6+ Ke7 52. Kc5 Bc4 53. d6+
cxd6+ 54. exd6+ Kd8 55. a4 bxa4 56. Kxc4 a3 57. Kb3 a2 58. Kxa2 1-0

[Event "?"]
[Site "ICC 2 6 08/30/97, Internet Ch"]
[Date "1997.??.??"]
[Round "?"]
[White "Brause"]
[Black "COLOCOLO"]
[Result "1-0"]
[WhiteElo "2540"]
[BlackElo "2145"]
[PlyCount "89"]

1. e4 e5 2. Nf3 Nc6 3. Nc3 Nf6 4. Nxe5 Nxe5 5. d4 Ng6 6. e5 Ng8 7. Bc4 Bb4 8.
Qf3 Qe7 9. O-O Bxc3 10. bxc3 Nh6 11. g3 O-O 12. Qh5 Kh8 13. Bxh6 gxh6 14. f4 f5
15. Qxh6 b6 16. Bd5 Rb8 17. Rfb1 Bb7 18. Bxb7 Rxb7 19. Rb3 Rbb8 20. a4 Qe6 21.
Qh3 a5 22. Qf1 d5 23. c4 Rg8 24. Rb5 Rbd8 25. c5 h5 26. cxb6 cxb6 27. Rab1 Rb8
28. Qf3 h4 29. Rxd5 hxg3 30. Rd6 gxh2+ 31. Kxh2 Qf7 32. Qh5+ Qh7 33. Qxh7+ Kxh7
34. Rd7+ Kh6 35. Rf1 b5 36. axb5 Rxb5 37. Rf3 Kh5 38. Rg3 Rh8 39. Rf7 Rb2 40.
Rxf5+ Kh6 41. Rc3 Kg7+ 42. Kg3 Rd8 43. Rc7+ Kh6 44. Rh5+ Kxh5 45. Rh7# 1-0

[Event "?"]
[Site "ICC 2 6 08/30/97, Internet Ch"]
[Date "1997.??.??"]
[Round "?"]
[White "Brause"]
[Black "COLOCOLO"]
[Result "0-1"]
[WhiteElo "2550"]
[BlackElo "2130"]
[PlyCount "146"]

1. e4 e5 2. Nf3 Nc6 3. Nc3 Nf6 4. Nxe5 Nxe5 5. d4 Ng6 6. e5 Ng8 7. Bc4 Bb4 8.
Qf3 Qe7 9. O-O Bxc3 10. bxc3 Nh6 11. g3 O-O 12. Qh5 Kh8 13. a4 b6 14. a5 Bb7
15. Bxh6 gxh6 16. Qxh6 Bc6 17. Rfe1 d5 18. exd6 Qxd6 19. Qh5 Rad8 20. axb6 axb6
21. Re3 Bd5 22. Bxd5 Qxd5 23. Qxd5 Rxd5 24. Ra7 Rc8 25. Kg2 Ra5 26. Rxa5 bxa5
27. f4 a4 28. f5 Nf8 29. c4 Ra8 30. Ra3 Nd7 31. c5 Kg7 32. Kf3 Nf6 33. g4 Nd5
34. c4 Nb4 35. d5 Nc2 36. Ra2 a3 37. Rxc2 a2 38. Rxa2 Rxa2 39. d6 cxd6 40. cxd6
Kf8 41. Ke4 Ke8 42. c5 Kd7 43. Kd5 Rc2 44. h3 f6 45. g5 Rd2+ 46. Ke4 fxg5 47.
Ke5 h5 48. f6 g4 49. hxg4 hxg4 50. Kf4 Rf2+ 51. Kxg4 Rxf6 52. Kg5 Rf8 53. Kh5
Rc8 54. Kg5 Rxc5+ 55. Kg4 Kxd6 56. Kf4 Ke6 57. Ke3 Kd5 58. Kf4 Rc4+ 59. Ke3 Rd4
60. Kf3 Ke5 61. Ke3 Rc4 62. Kd3 Rc5 63. Ke3 Rc3+ 64. Kd2 Kd4 65. Ke2 Ke4 66.
Kf2 Ra3 67. Ke2 Ra2+ 68. Kd1 Kd3 69. Ke1 Rb2 70. Kf1 Ke3 71. Kg1 Kf3 72. Kh1
Kg3 73. Kg1 Rb1# 0-1

[Event "?"]
[Site "ICC 2 6 09/02/97, Internet Ch"]
[Date "1997.??.??"]
[Round "?"]
[White "Brause"]
[Black "COLOCOLO"]
[Result "1-0"]
[WhiteElo "2510"]
[BlackElo "2180"]
[PlyCount "83"]

1. e4 e5 2. Nf3 Nc6 3. Nc3 Nf6 4. Nxe5 Nxe5 5. d4 Ng6 6. e5 Ng8 7. Bc4 Bb4 8.
Qf3 Qe7 9. O-O Bxc3 10. bxc3 Nh6 11. g3 O-O 12. Qh5 Kh8 13. a4 Ng8 14. Ba3 d6
15. Rfe1 Qd8 16. Qf3 Be6 17. Bxe6 fxe6 18. Qxb7 Re8 19. exd6 cxd6 20. Qa6 Qc7
21. Bb4 d5 22. Rxe6 Nf6 23. Rxe8+ Rxe8 24. Bc5 Qd7 25. c4 Qh3 26. Qb5 Rg8 27.
f3 Nh5 28. Bd6 Qf5 29. Qxd5 Qxd5 30. cxd5 Rd8 31. Bc5 a6 32. c4 Nf6 33. Re1 Kg8
34. Re6 a5 35. Ra6 Nf8 36. Rxa5 N8d7 37. Be7 Rc8 38. Bxf6 Nxf6 39. Rc5 Rxc5 40.
dxc5 Kf7 41. a5 Ne8 42. d6 1-0

[Event "?"]
[Site "ICC 2 6 09/02/97, Internet Ch"]
[Date "1997.??.??"]
[Round "?"]
[White "Brause"]
[Black "COLOCOLO"]
[Result "1/2-1/2"]
[WhiteElo "2520"]
[BlackElo "2170"]
[PlyCount "119"]

1. e4 e5 2. Nf3 Nc6 3. Nc3 Nf6 4. Nxe5 Nxe5 5. d4 Ng6 6. e5 Ng8 7. Bc4 Bb4 8.
Qf3 Qe7 9. O-O Bxc3 10. bxc3 Nh6 11. g3 O-O 12. Qh5 Kh8 13. a4 Ng8 14. f4 f5
15. Ba3 d6 16. Rfe1 Re8 17. Qf3 Qd8 18. exd6 cxd6 19. Rxe8 Qxe8 20. Bxg8 Qxg8
21. Bxd6 Be6 22. Qxb7 Bd5 23. Qc7 Qe6 24. Be5 Nxe5 25. Qxe5 Qc6 26. Rb1 h6 27.
Rb5 Be4 28. d5 Qc4 29. Rb7 Rg8 30. Qd4 Qe2 31. Qf2 Qd1+ 32. Qf1 Qxd5 33. Rxa7
Bxc2 34. Qf2 Bxa4 35. Qd4 Bc6 36. Qxd5 Bxd5 37. Kf2 Rc8 38. Ke3 Be6 39. Kd4 Bb3
40. Rb7 Bc2 41. c4 Be4 42. Rd7 Kg8 43. h4 Kf8 44. c5 Bc6 45. Rd6 Be4 46. Rd7
Bc6 47. Rd6 Rc7 48. Kd3 Ke7 49. Kd4 Rd7 50. Ke5 Be4 51. Rxd7+ Kxd7 52. g4 fxg4
53. Kxe4 h5 54. f5 Kc6 55. Kd4 Kc7 56. Ke4 Kd7 57. Kd3 Kc6 58. Kd4 Kb7 59. Kd3
Kc6 60. Kd4 1/2-1/2

[Event "?"]
[Site "ICC 2 6 09/02/97, Internet Ch"]
[Date "1997.??.??"]
[Round "?"]
[White "Brause"]
[Black "COLOCOLO"]
[Result "0-1"]
[WhiteElo "2480"]
[BlackElo "2210"]
[PlyCount "121"]

1. e4 e5 2. Nf3 Nc6 3. Nc3 Nf6 4. Nxe5 Nxe5 5. d4 Ng6 6. e5 Ng8 7. Bc4 Bb4 8.
Qf3 Qe7 9. O-O Bxc3 10. bxc3 Nh6 11. g3 O-O 12. Qh5 Kh8 13. Bxh6 gxh6 14. Qxh6
b6 15. Rae1 Bb7 16. Re3 f5 17. f4 Rae8 18. Qg5 Be4 19. Bd3 d5 20. Qxe7 Rxe7 21.
c4 Bxd3 22. cxd3 c6 23. cxd5 cxd5 24. Rc1 Rb8 25. Rc6 Rbb7 26. Rf6 Rf7 27. Rxf7
Rxf7 28. Kf2 Kg7 29. Re2 Rc7 30. Ke3 Kf7 31. Rf2 h5 32. Kd2 Ke6 33. Rf1 Ne7 34.
Re1 Rc8 35. a3 Ng6 36. Rf1 Nf8 37. a4 Rc6 38. Rf3 Kd7 39. Rf2 Ne6 40. Ke3 Rc1
41. Ra2 Kc6 42. Kd2 Rh1 43. Kc3 a6 44. Rc2 Kb7 45. Ra2 Rc1+ 46. Kd2 Rc7 47. Ke3
Rc8 48. Rb2 Rc1 49. Ra2 Rc8 50. Rb2 Rc6 51. Ra2 b5 52. axb5 axb5 53. Rb2 Kb6
54. Rg2 b4 55. Rb2 Kb5 56. Rb1 Ka4 57. Ra1+ Kb3 58. Ra5 Kc2 59. Ra2+ Kb1 60.
Ra5 b3 61. Rxd5 0-1

[Event "?"]
[Site "ICC 2 6 09/02/97, Internet Ch"]
[Date "1997.??.??"]
[Round "?"]
[White "Brause"]
[Black "COLOCOLO"]
[Result "1-0"]
[WhiteElo "2460"]
[BlackElo "2240"]
[PlyCount "48"]

1. e4 e5 2. Nf3 Nc6 3. Nc3 Nf6 4. Nxe5 Nxe5 5. d4 Ng6 6. e5 Ng8 7. Bc4 Bb4 8.
Qf3 Qe7 9. O-O Bxc3 10. bxc3 Nh6 11. g3 O-O 12. Qh5 Kh8 13. a4 Ng8 14. Ba3 d6
15. Rfe1 Re8 16. Qf3 Nh6 17. Bb5 Bd7 18. Qxb7 Bxb5 19. axb5 Qg5 20. exd6 cxd6
21. Bxd6 Ng4 22. Rxe8+ Rxe8 23. Qxf7 Rg8 24. Bc5 Qd5 1-0

[Event "?"]
[Site "ICC 2 6 08/31/97, Internet Ch"]
[Date "1997.??.??"]
[Round "?"]
[White "Brause"]
[Black "COLOCOLO"]
[Result "0-1"]
[WhiteElo "2550"]
[BlackElo "2010"]
[PlyCount "110"]

1. e4 e5 2. Nf3 Nc6 3. Nc3 Nf6 4. Nxe5 Nxe5 5. d4 Ng6 6. e5 Ng8 7. Bc4 Bb4 8.
Qf3 Qe7 9. O-O Bxc3 10. bxc3 Nh6 11. g3 O-O 12. Qh5 Kh8 13. Bxh6 gxh6 14. Qxh6
b6 15. Rae1 Bb7 16. Re3 f5 17. exf6 Qxf6 18. Bd3 Rae8 19. c4 Rxe3 20. fxe3 Qg7
21. Rxf8+ Qxf8 22. Qh3 Qf7 23. Bxg6 Qxg6 24. Qxd7 Qc6 25. Qxc6 Bxc6 26. d5 Ba4
27. c3 Kg7 28. c5 bxc5 29. Kf2 Kf6 30. c4 Ke5 31. Ke2 Ke4 32. Kd2 Bd7 33. Ke2
Bg4+ 34. Kd2 h5 35. a3 a6 36. Kc3 Kxe3 37. a4 a5 38. Kc2 Kd4 39. Kb3 Bd1+ 40.
Ka3 Kxc4 41. Ka2 Bxa4 42. Ka3 Bd7 43. Kb2 Kxd5 44. Kc3 c4 45. Kb2 Kd4 46. g4
hxg4 47. Kc2 c3 48. Kc1 Kd3 49. Kb1 Be6 50. Kc1 c5 51. Kd1 c2+ 52. Kc1 Kc3 53.
h3 g3 54. h4 g2 55. h5 g1=Q# 0-1

[Event "?"]
[Site "ICC 2 6 08/31/97, Internet Ch"]
[Date "1997.??.??"]
[Round "?"]
[White "Brause"]
[Black "COLOCOLO"]
[Result "1-0"]
[WhiteElo "2525"]
[BlackElo "2035"]
[PlyCount "35"]

1. e4 e5 2. Nf3 Nc6 3. Nc3 Nf6 4. Nxe5 Nxe5 5. d4 Ng6 6. e5 Ng8 7. Bc4 Bb4 8.
Qf3 Qe7 9. O-O Bxc3 10. bxc3 Nh6 11. g3 O-O 12. Qh5 Kh8 13. Bxh6 gxh6 14. Qxh6
b6 15. Rae1 Bb7 16. Re3 f5 17. exf6 Qe6 18. Qg7# 1-0

[Event "?"]
[Site "ICC 2 6 08/31/97, Internet Ch"]
[Date "1997.??.??"]
[Round "?"]
[White "Brause"]
[Black "COLOCOLO"]
[Result "1-0"]
[WhiteElo "2530"]
[BlackElo "2035"]
[PlyCount "55"]

1. e4 e5 2. Nf3 Nc6 3. Nc3 Nf6 4. Nxe5 Nxe5 5. d4 Ng6 6. e5 Ng8 7. Bc4 Bb4 8.
Qf3 Qe7 9. O-O Bxc3 10. bxc3 Nh6 11. g3 O-O 12. Qh5 Kh8 13. a4 b6 14. Bd5 Rb8
15. Bg5 Qe8 16. Bxh6 gxh6 17. Qxh6 Bb7 18. Bxb7 Rxb7 19. h4 Rb8 20. h5 Qe6 21.
hxg6 fxg6 22. a5 Rf5 23. axb6 axb6 24. Qe3 Rbf8 25. f4 Rh5 26. Qf3 Qh3 27. Rf2
g5 28. Ra8 1-0

[Event "?"]
[Site "ICC 2 6 08/31/97, Internet Ch"]
[Date "1997.??.??"]
[Round "?"]
[White "Brause"]
[Black "COLOCOLO"]
[Result "1-0"]
[WhiteElo "2535"]
[BlackElo "2030"]
[PlyCount "125"]

1. e4 e5 2. Nf3 Nc6 3. Nc3 Nf6 4. Nxe5 Nxe5 5. d4 Ng6 6. e5 Ng8 7. Bc4 Bb4 8.
Qf3 Qe7 9. O-O Bxc3 10. bxc3 Nh6 11. g3 O-O 12. Qh5 Kh8 13. Bxh6 gxh6 14. f4 f5
15. Qxh6 b6 16. Bd5 Rb8 17. Rfb1 Bb7 18. Bxb7 Rxb7 19. Rb3 Rbb8 20. Re1 Qe6 21.
Qh5 b5 22. Qf3 c6 23. a4 a6 24. axb5 axb5 25. Ra1 Ra8 26. Rxa8 Rxa8 27. d5 cxd5
28. Rxb5 Ne7 29. Qd1 Qc6 30. Rb3 Qc5+ 31. Qd4 Qxd4+ 32. cxd4 Nc6 33. Rb7 Ra7
34. Rxa7 Nxa7 35. Kf2 Kg7 36. Ke3 Nc6 37. Kd3 Na5 38. Kc3 Kf7 39. Kd2 Ke6 40.
Ke2 d6 41. Kd2 dxe5 42. dxe5 Nb7 43. Ke3 Nc5 44. Kf3 h5 45. Ke3 Ne4 46. Kd3
Nf2+ 47. Ke2 Ne4 48. Ke3 Nc3 49. Kd3 Nb5 50. c3 Na3 51. Kd2 Nc4+ 52. Kd1 h4 53.
gxh4 Ne3+ 54. Ke2 Ng2 55. Kf3 Nxh4+ 56. Kg3 Ng6 57. Kf3 Kd7 58. Kg3 Kc6 59. h4
Kd7 60. h5 Ne7 61. Kh4 Ke6 62. Kg5 Kf7 63. h6 1-0

[Event "?"]
[Site "ICC 2 6 08/31/97, Internet Ch"]
[Date "1997.??.??"]
[Round "?"]
[White "Brause"]
[Black "COLOCOLO"]
[Result "1-0"]
[WhiteElo "2540"]
[BlackElo "2025"]
[PlyCount "135"]

1. e4 e5 2. Nf3 Nc6 3. Nc3 Nf6 4. Nxe5 Nxe5 5. d4 Ng6 6. e5 Ng8 7. Bc4 Bb4 8.
Qf3 Qe7 9. O-O Bxc3 10. bxc3 Nh6 11. g3 O-O 12. Qh5 Kh8 13. a4 b6 14. Bd5 c6
15. Ba3 Qe8 16. Bxf8 cxd5 17. Bd6 Ba6 18. Rfd1 Bc4 19. Qf3 Qe6 20. a5 b5 21.
Bc5 a6 22. Re1 Re8 23. Re3 Nf5 24. Ree1 d6 25. Ba3 dxe5 26. Qh5 e4 27. Bc5 Nd6
28. Re3 Nf5 29. Ree1 Qf6 30. Rac1 e3 31. Qf3 e2 32. Rb1 Qg5 33. Kh1 h5 34. h3
Re4 35. Rbc1 Kh7 36. Rg1 h4 37. g4 Nh6 38. Rge1 Qxc1 39. Rxc1 e1=Q+ 40. Rxe1
Rxe1+ 41. Kh2 Ng8 42. g5 Re2 43. Kg1 Re1+ 44. Kh2 Re2 45. Bd6 N8e7 46. Qxf7
Rxc2 47. Bxe7 Nxe7 48. Qxe7 Rxf2+ 49. Kg1 Rf3 50. Qe6 Rg3+ 51. Kh2 Rxg5 52.
Qxa6 b4 53. Qb7 bxc3 54. Qb4 c2 55. Qd2 Rg6 56. Qxc2 Kh6 57. Qf2 Kg5 58. Qf8
Kh6 59. Qh8+ Kg5 60. Qc8 Kh6 61. Qd8 Kh5 62. Qe7 Bd3 63. Qe5+ Rg5 64. Qe8+ Rg6
65. Qh8+ Kg5 66. Qd8+ Kh5 67. Qxd5+ Kh6 68. Qe5 1-0

[Event "?"]
[Site "ICC 2 6 08/31/97, Internet Ch"]
[Date "1997.??.??"]
[Round "?"]
[White "Brause"]
[Black "COLOCOLO"]
[Result "0-1"]
[WhiteElo "2540"]
[BlackElo "2020"]
[PlyCount "110"]

1. e4 e5 2. Nf3 Nc6 3. Nc3 Nf6 4. Nxe5 Nxe5 5. d4 Ng6 6. e5 Ng8 7. Bc4 Bb4 8.
Qf3 Qe7 9. O-O Bxc3 10. bxc3 Nh6 11. g3 O-O 12. Qh5 Kh8 13. Bxh6 gxh6 14. Qxh6
b6 15. Rae1 Bb7 16. Re3 f5 17. exf6 Qxf6 18. Bd3 Rae8 19. c4 Rxe3 20. fxe3 Qg7
21. Rxf8+ Qxf8 22. Qh3 Qf7 23. Bxg6 Qxg6 24. Qxd7 Qc6 25. Qxc6 Bxc6 26. d5 Ba4
27. c3 Kg7 28. c5 bxc5 29. Kf2 Kf6 30. c4 Ke5 31. Ke2 Ke4 32. Kd2 Bd7 33. Ke2
Bg4+ 34. Kd2 h5 35. a3 a6 36. Kc2 Kxe3 37. Kc3 a5 38. Kb3 Bd1+ 39. Kc3 a4 40.
h3 Be2 41. Kc2 Bxc4 42. g4 hxg4 43. hxg4 Bxd5 44. g5 Kd4 45. Kd2 c4 46. Kc1 Kd3
47. Kd1 c3 48. g6 Bb3+ 49. Ke1 c2 50. Kf2 c1=Q 51. Kg3 Qg5+ 52. Kh3 Be6+ 53.
Kh2 Qxg6 54. Kh1 Bd5+ 55. Kh2 Qg2# 0-1

[Event "?"]
[Site "ICC 2 6 08/31/97, Internet Ch"]
[Date "1997.??.??"]
[Round "?"]
[White "Brause"]
[Black "COLOCOLO"]
[Result "0-1"]
[WhiteElo "2515"]
[BlackElo "2050"]
[PlyCount "110"]

1. e4 e5 2. Nf3 Nc6 3. Nc3 Nf6 4. Nxe5 Nxe5 5. d4 Ng6 6. e5 Ng8 7. Bc4 Bb4 8.
Qf3 Qe7 9. O-O Bxc3 10. bxc3 Nh6 11. g3 O-O 12. Qh5 Kh8 13. Bxh6 gxh6 14. Qxh6
b6 15. Rae1 Bb7 16. Re3 f5 17. exf6 Qxf6 18. Bd3 Rae8 19. c4 Rxe3 20. fxe3 Qg7
21. Rxf8+ Qxf8 22. Qh3 Qf7 23. Bxg6 Qxg6 24. Qxd7 Qc6 25. Qxc6 Bxc6 26. d5 Ba4
27. c3 Kg7 28. Kf2 Kf6 29. Ke2 Ke5 30. Kd3 Bd7 31. e4 Ba4 32. c5 bxc5 33. Kc4
Kxe4 34. Kxc5 Kf3 35. c4 Kg2 36. g4 Kxh2 37. g5 Kh3 38. d6 cxd6+ 39. Kxd6 Kh4
40. c5 Kxg5 41. Kd5 h5 42. Ke4 Kg4 43. Ke3 Kg3 44. Ke4 h4 45. Ke5 h3 46. Kd6 h2
47. Kc7 h1=Q 48. Kd6 Qc6+ 49. Ke7 Qxc5+ 50. Kf6 Qd6+ 51. Kf7 Kf4 52. Kg7 Kf5
53. Kf7 Qd7+ 54. Kf8 Kf6 55. Kg8 Qg7# 0-1

[Event "?"]
[Site "ICC 2 8 09/10/97, Internet Ch"]
[Date "1997.??.??"]
[Round "?"]
[White "Brause"]
[Black "brit"]
[Result "1-0"]
[WhiteElo "2535"]
[BlackElo "2045"]
[PlyCount "69"]

1. e4 e5 2. Nf3 Nc6 3. Nc3 Nf6 4. Nxe5 Nxe5 5. d4 Ng6 6. e5 Ng8 7. Bc4 Bb4 8.
Qf3 f5 9. h4 d5 10. Qxd5 Qxd5 11. Bxd5 c6 12. Bf3 Be6 13. a3 Bxc3+ 14. bxc3
N8e7 15. h5 Nf8 16. Bg5 h6 17. Bxe7 Kxe7 18. Rb1 Nd7 19. Rxb7 Rab8 20. Rxa7
Rb1+ 21. Bd1 Rhb8 22. O-O Bc4 23. Re1 Ke6 24. Rc7 R8b6 25. f4 Ra1 26. g4 Rbb1
27. Rxc6+ Ke7 28. Rxc4 Rxd1 29. Rxd1 Rxd1+ 30. Kg2 fxg4 31. f5 Rd2+ 32. Kg3
Rxc2 33. Rc8 Ra2 34. Rg8 Kf7 35. e6+ 1-0

[Event "?"]
[Site "ICC 2 8 09/10/97, Internet Ch"]
[Date "1997.??.??"]
[Round "?"]
[White "Brause"]
[Black "brit"]
[Result "1-0"]
[WhiteElo "2540"]
[BlackElo "2040"]
[PlyCount "90"]

1. e4 e5 2. Nf3 Nc6 3. Nc3 Nf6 4. Nxe5 Nxe5 5. d4 Ng6 6. e5 Ng8 7. Bc4 Bb4 8.
Qf3 f5 9. h4 d5 10. Qxd5 Qxd5 11. Bxd5 c6 12. Bf3 Be6 13. a3 Bxc3+ 14. bxc3 Bd5
15. Bxd5 cxd5 16. Bg5 h6 17. Be3 O-O-O 18. h5 Nf8 19. g3 Ne7 20. a4 Ne6 21.
O-O-O Kb8 22. Rd3 Rc8 23. Kd2 Rc4 24. Ra1 Rhc8 25. a5 R8c6 26. Ke2 Ra6 27. Bc1
Nc6 28. Ba3 Rxa5 29. Bd6+ Kc8 30. Rxa5 Nxa5 31. Rf3 Kd7 32. Kd3 Nc6 33. Rxf5
Ke8 34. Rf3 Ncd8 35. Re3 Nf7 36. Bb8 a5 37. f4 a4 38. f5 Neg5 39. e6 Nd8 40.
Bf4 a3 41. Bxg5 hxg5 42. Re1 Ra4 43. f6 gxf6 44. h6 Nxe6 45. h7 Kf7 1-0